000 00416nam a22001697a 4500
005 20160627093512.0
008 160627b xxu||||| |||| 00| 0 eng d
020 _a0-07-044555-9
041 _aeng
082 _b10334
100 _aSharma, R.C. and Mohan Krishna
_92244
245 _aBusiness Correspondance and Report Writing
260 _bTMC
_c2004
300 _a402
650 _aManagement
_9241
942 _cBK
999 _c4107
_d4106